000 00765cam a2200217 i 4500
001 85848
005 20260429143036.0
008 260429s1995 sp a rc 000 0 spa d
017 _aSG 57/1995
040 _aBUAH
_bspa
_cM-RABA
100 1 _aSimón, José Luis (
_d1946-)
_943847
245 1 0 _aJosé Luis Simón
_b: sustratos y referencias: del 8 al 24 de septiembre de 1995: Torreón de Lozoya, Segovia
260 _a[Segovia]
_b: Caja Segovia Obra Social y Cultural
_c, [1995]
300 _a35 p
_b: il.
_c; 28 cm
504 _aBibliogr.: p. 35
600 1 7 _aSimón, José Luis (
_d1946-)
_943847
655 4 _aCatálogos de exposiciones
_945336
710 2 _aCaja de Ahorros y Monte de Piedad de Segovia
_912373
852 _jF-16117
942 _cFONDOMODER
_n0
999 _c85848
_d85848